03753nam a2200433uu 4500001000800000005001700008008004100025020001800066035001200084040001300096041000800109080000600117082000800123111009300131245009200224250001100316260009800327300002200425505014500447520205700592650003102649650002802680650002602708650003002734650004102764650003702805650002702842650003102869650004902900650004302949700005002992700004603042700003603088700003803124700003103162700003303193700004603226700004703272134716820260508084542.0131017nuuuuuuuu spa  a9789585799509 a1347168 ccomduadb aspa aE 4a30620aForo Nacional de Cultura Viva y Comunitaria (1 : 2012 : Medellín, Colombia),4auteaut13aLa cultura es viva y comunitaria, en los barrios y poblados de nuestra América Latina a1. ed. bMinisterio de Cultura de Colombia ;aMedellín :bCorporación Cultural Canchimalos,c2013. a108 p. : il, col.80tDe la cultura a los procesos de organización social y política : a próposito de la experiencia de Cultura Viva Comunitaria en Colombia3 aEste Foro formó parte de una campaña realizada en tres ciudades del país : Cali, Bogotá y Medellín, identificada como Programa Nacional de Cultura Viva Comunitaria, bajo la iniciativa de diversas organizaciones de trabajo cultural comunitario de las tres ciudades y con el respaldo de las tres alcaldías, el Instituto de Cultura y Patrimonio de Antioquia, y el Ministerio de Cultura. Esta campaña continental y nacional pretende visibilizar ("des-esconder" como dijera Celio Turino) dinámicas culturales que de muchas décadas atrás han venido brotando y floreciendo en la mayoría de las ciudades latinoamericanas, como esperanza de vida frente a las violencias y las exclusiones o simplemente como acciones autónomas de dignificación de la vida de las distintas comunidades. Cultura Viva Comunitaria es entonces una expresión nueva que nombra, da sentido y visibiliza estas prácticas culturales inventadas ya hace varias décadas en los barrios y poblados de nuestros países. RESEÑA : Al artículo : De la cultura a los procesos de organización social y política : a propósito de la experiencia de cultura Viva Comunitaria en Colombia (p. 48), del profesor Luis Alfredo Atehortúa Castro : Luego de realizado el Primer Foro Regional de Cultura Viva Comunitaria en Medellín entre el 26 y el 29 de septiembre de 2012, en el marco de la campaña continental y nacional por políticas públicas de cultura, se puede sostener que en Colombia;, crece el colectivo amplio de organizaciones sociales, actores institucionales y ciudadanía en general, que viene irrigando la idea de defender y visibilizar; las experiencias, organizaciones y procesos de Cultura Viva Comunitaria. Es decir, "aquellas expresiones artísticas y culturales que surgen de las comunidades, a partir de la cotidianidad y la vivencia de sus territorios. Las experiencias de formación humana, política, artística y cultural que reconoce y potencia las identidades de los grupos poblacionales, el diálogo, la cooperación aCultura - América Latina aCultura latinoamericana 7aCultura popular2lemb 7aGestión cultural2embne aDesarrollo cultural - America Latina aOrganización social - Colombia aEditoriales - Colombia aIntelectuales y política aMedellín (Antioquia) - Historia, 1970-1980 7aAntropología de la educación2lemb10aCastrillón Roldán, Jairo Adolfo4comecom10aBlandón Cardona, Jorge Iván4auteaut10aZapata Pérez, Pedro4auteaut10aEspitia Léon, Enrique4auteaut10aBalán, Eduardo4auteaut10aSantini, Alexandre4auteaut10aMelguizo Posada, Jorge Humberto4auteaut10aAtehortúa Castro, Luis Alfredo4auteaut